000 00543nam a2200193Ia 4500
005 20250508152238.0
008 008 250505s9999 xx 000 0 hin d
037 _aTextual
040 _aFEDL
_beng
_cFEDL
041 _ahin
_2hin
084 _a370.954, SHA
_qFEDL
100 _aSharma Vedram
_9761067
245 0 _a1944 ka shiksha adhiniyam : Katlar act
260 _aAligarh, India
_bKalpana Prakashan
_c1958
300 _axii,116p
650 _aEducation
942 _cTEXL
_h370.954, SHA
999 _c1335260
_d1335260